Revista jurídica argentina : 2002

Guardado en:
Formato: Seriadas
Idioma:Spanish
Publicado: Buenos Aires : La Ley, 2002
Etiquetas: Agregar Etiqueta
Sin Etiquetas, Sea el primero en etiquetar este registro!
LEADER 00592nas a22001575a 4500
001 DER.der000963
005 20050816000000.0
008 180615s2002####||||||||||||||||||||spa||
245 1 0 |a Revista jurídica argentina :  |b 2002 
260 |a Buenos Aires :  |b La Ley,  |c 2002 
859 |a DERECHO  |b BIB. DERECHO  |h 348.026  |i REV  |p 001612 
859 |a DERECHO  |b BIB. DERECHO  |h 348.026  |i REV  |p 001613 
859 |a DERECHO  |b BIB. DERECHO  |h 348.026  |i REV  |p 001614 
859 |a DERECHO  |b BIB. DERECHO  |h 348.026  |i REV  |p 001615 
859 |a DERECHO  |b BIB. DERECHO  |h 348.026  |i REV  |p 001616 
859 |a DERECHO  |b BIB. DERECHO  |h 348.026  |i REV  |p 001617